000 00889nmm a2200289 a 4500
001 ocm0002146615
003 TR-IsHL
005 20201028183354.0
008 190330s2018 tu tur
007 cr cn
020 _a9786052186848
035 _a2146615
_b(N$T)
050 0 4 _aPL248.B397
_bS4 2018
090 0 4 _aPL248.B397
_bS4 2018
100 1 _aBayram, Hakan
245 1 0 _aŞeyda
_h[electronic resource] /
_cHakan Bayram ; editör Çiğdem Aktepe
250 _a1. Baskı
260 _aİstanbul :
_bAZ Kitap,
_c2018
300 _a256 p.
650 4 _aDil ve Edebiyat
650 4 _aLanguage and Literature
650 0 _aTürk romanı
650 0 _aTurkish fiction
650 7 _aLITERARY COLLECTIONS / Middle Eastern
_2bisacsh
700 1 _aAktepe, Çiğdem
856 4 0 _uhttp://search.ebscohost.com/login.aspx?direct=true&scope=site&db=e011xww&AN=2146615
999 _c20508
_d20508